000
00311nam a2200121Ia 4500
008
220216s9999 xx 000 0 und d
245
0
_a
Phosphorus : Its role in rubber cultivation
260
_b
Planters Bulletin
_c
1972
300
_a
82-91
650
_a
Phosphorus
650
_a
Rubber cultivation
942
_c
JS
999
_c
64891
_d
64891